000
00329 a2200157 4500
001
56590
020
_a
8520918573
040
_c
Anchieta - Pituba
100
_a
Dean, Zoey
240
1
0
_a
Garotas em ação
_l
por
245
1
0
_a
Garotas em ação
300
_a
255
362
0
_a
2006
650
4
_a
Literatura juvenil
942
_c
BK
999
_c
56590
_d
56590